| 000 | 00836cam a2200229 4500 | ||
|---|---|---|---|
| 001 | WS114124 | ||
| 008 | 010814n 000 0 eng u | ||
| 035 | _a(Sirsi) u114124 | ||
| 110 |
_aNational Center for Atmospheric Research _94112 |
||
| 245 | _aNational Center for Atmospheric Research | ||
| 520 | _aWeb site for the US research body established to serve as a focus for research on atmospheric and related science problems outlining their research projects on climate change. | ||
| 650 | _aUSA | ||
| 650 | _aRESEARCH | ||
| 650 | _aCLIMATE CHANGE | ||
| 650 | _aPOLLUTION | ||
| 650 | _aNASA | ||
| 650 | _aOZONE LAYER | ||
| 650 | _aINTERNATIONAL | ||
| 690 | _aENVIRONMENTAL AND LAND CONSULTANCY | ||
| 856 | 4 | 0 |
_uhttps://www.ncar.ucar.edu/ncar/index.html _zView the website free of charge at www.ncar.ucar.edu... |
| 942 | _n0 | ||
| 999 |
_c119831 _d119831 |
||